01129nam a2200301 a 4500001001000000003000900010005001700019007001000036008004100046040002200087092001700109100002000126245008500146260007500231300002700306650001900333650003800352650003200390650003400422910003800456942001200494945004000506952014700546956003900693956004000732956004000772999001500812000026329DO-SdBNP20180409143042.0000026329110314s20uu dr a 001 0 spa d aBPMETbspacBPMET a648.7bA385p1 aAleth, Kirsten 10aPlagas domésticas :bcuaderno de ecología doméstica no. 2 /cKirsten Aleth aSanto Domingo :bCentro Dominicano de Educación Ecológica c[200?] a28 p. :bil. ;c29 cm. 4aPLAGAS CASERAS 4aINSECTOS ÚTILES Y PERJUDICIALES 4aCONTROL INTEGRADO DE PLAGAS 4aCONTROL BIOLÓGICO DE PLAGAS aValidado. Control de calidad EMS. 2ddccBK aRemanejado para la BNPHU, 2018 / BT 00102ddc40708CI-DaBPMETbBPMETd2015-05-12eDonado por la BIBLIOTECA REPÜBLICA DOMINICANAl0pBPMSU15051691r2015-05-12w2015-05-12yBK aNMORDANb10c20110330lBND01h0837 aEMARREROb40c20131222lBND01h1333 aVMATEOb10c20150512lBMET02h00151 c7865d7865